[Event "Sparkassen Open 2018"]
[Site "Heusenstamm"]
[Date "2018.11.25"]
[Round "6"]
[White "Gritsak, Orest"]
[Black "Enchev, Ivajlo"]
[Result "1-0"]
[WhiteElo "2457"]
[BlackElo "2496"]
[Annotator "ChessBase"]
[PlyCount "103"]
[EventDate "2018.11.22"]
[EventType "swiss"]
[EventCountry "GER"]
[SourceTitle "playchess.com"]
[Source "ChessBase"]
[SourceQuality "1"]
[TimeControl "40/5400+30:1800+30"]

1. c4 {[%emt 0:00:00]} e6 {[%emt 0:00:00]} 2. Nf3 {[%emt 0:01:45]} d5 {[%emt 0:00:00]} 3. e3 {[%emt 0:00:59]} Nf6 {[%emt 0:00:26]} 4. b3 {[%emt 0:00:15]} a6 {[%emt 0:02:37]} 5. Bb2 {[%emt 0:03:58]} c5 {[%emt 0:01:09]} 6. a3 {[%emt 0:08:41]} Nc6 {[%emt 0:02:08]} 7. cxd5 {[%emt 0:02:46]} exd5 {[%emt 0:00:10]} 8. d4 {[%emt 0:00:13]} Bg4 {[%emt 0:03:29]} 9. Be2 {[%emt 0:02:07]} Bd6 {[%emt 0:08:02]} 10. dxc5 {[%emt 0:06:00]} Bxc5 {[%emt 0:00:06]} 11. O-O {[%emt 0:03:32]} O-O {[%emt 0:01:46]} 12. Nc3 {[%emt 0:00:16]} Ba7 {[%emt 0:03:49]} 13. b4 {[%emt 0:05:42]} Qd6 {[%emt 0:12:40]} 14. h3 {[%emt 0:04:55]} Bxf3 {[%emt 0:07:23]} 15. Bxf3 {[%emt 0:00:05]} Rad8 {[%emt 0:00:13]} 16. Ne2 {[%emt 0:04:08]} Ne5 {[%emt 0:04:31]} 17. Ng3 {[%emt 0:03:51]} Bb8 {[%emt 0:08:17]} 18. Re1 {[%emt 0:09:20]} Nc4 {[%emt 0:03:06]} 19. Bd4 {[%emt 0:10:44]} Rfe8 {[%emt 0:00:21]} 20. Re2 {[%emt 0:04:48]} Ne4 {[%emt 0:03:42]} 21. Nf1 {[%emt 0:01:01]} Re6 {[%emt 0:07:40]} 22. Rc2 {[%emt 0:01:35]} b5 {[%emt 0:00:46]} 23. g3 {[%emt 0:02:17]} Rg6 {[%emt 0:04:56]} 24. Bg2 {[%emt 0:00:10]} Qe6 {[%emt 0:01:36]} 25. a4 {[%emt 0:03:10]} Bd6 {[%emt 0:01:49]} 26. axb5 {[%emt 0:00:23]} axb5 {[%emt 0:00:01]} 27. Rca2 {[%emt 0:01:21]} h6 {[%emt 0:01:55]} 28. Ra8 {[%emt 0:03:25]} Rxa8 {[%emt 0:00:16]} 29. Rxa8+ {[%emt 0:00:01]} Kh7 {[%emt 0:00:09]} 30. h4 {[%emt 0:02:08]} Qf5 {[%emt 0:07:07]} 31. Qf3 {[%emt 0:00:20]} Qd7 {[%emt 0:02:44]} 32. Ra7 {[%emt 0:09:26]} Bc7 {[%emt 0:00:05]} 33. Qh5 {[%emt 0:01:14]} Rc6 {[%emt 0:01:51]} 34. Bxe4+ {[%emt 0:00:42]} dxe4 {[%emt 0:00:05]} 35. Qxb5 {[%emt 0:00:04]} Nd2 {[%emt 0:00:23]} 36. Nxd2 {[%emt 0:01:04]} Rc1+ {[%emt 0:01:01]} 37. Qf1 {[%emt 0:00:02]} Qc6 {[%emt 0:01:22]} 38. b5 {[%emt 0:01:24]} Qc2 {[%emt 0:00:35]} 39. Qxc1 {[%emt 0:00:58]} Qxc1+ {[%emt 0:00:05]} 40. Nf1 {[%emt 0:00:03]} f6 {[%emt 0:01:37]} 41. Bxf6 {[%emt 0:31:44]} gxf6 {[%emt 0:30:13]} 42. b6 {[%emt 0:00:04]} Kg6 {[%emt 0:00:04]} 43. Rxc7 {[%emt 0:00:22]} Qb1 {[%emt 0:02:41]} 44. b7 {[%emt 0:03:40]} Kh5 {[%emt 0:00:14]} 45. Rg7 {[%emt 0:01:03]} f5 {[%emt 0:00:14]} 46. Kg2 {[%emt 0:00:32]} Qb2 {[%emt 0:01:27]} 47. Rf7 {[%emt 0:00:00]} Kg6 {[%emt 0:00:00]} 48. Rd7 {[%emt 0:00:00]} Kh5 {[%emt 0:00:00]} 49. Nd2 {[%emt 0:00:00]} Kg4 {[%emt 0:00:00]} 50. Nc4 {[%emt 0:00:00]} Qb1 {[%emt 0:00:00]} 51. Ne5+ {[%emt 0:00:00]} Kh5 {[%emt 0:00:00]} 52. Rf7 {[%emt 0:00:00]} 1-0

[Event "Sparkassen Open 2018"]
[Site "Heusenstamm"]
[Date "2018.11.25"]
[Round "6"]
[White "Gutman, Lev"]
[Black "Schulze, Lara"]
[Result "1-0"]
[WhiteElo "2434"]
[BlackElo "2167"]
[Annotator "NA"]
[PlyCount "108"]
[EventDate "2018.11.22"]
[EventType "swiss"]
[EventCountry "GER"]
[SourceTitle "playchess.com"]
[Source "ChessBase"]
[SourceQuality "1"]
[TimeControl "40/5400+30:1800+30"]

1. Nf3 {[%emt 0:00:00]} Nf6 {[%emt 0:00:00]} 2. g3 {[%emt 0:00:00]} b5 {[%emt 0:00:00]} 3. Bg2 {[%emt 0:00:00]} Bb7 {[%emt 0:00:00]} 4. O-O {[%emt 0:00:00]} e6 {[%emt 0:00:00]} 5. c3 {[%emt 0:00:06]} c5 {[%emt 0:00:06] LiveBook: 67 Games} 6. d4 {[%emt 0:00:10]} Be7 {[%emt 0:00:39]} 7. Na3 {[%emt 0:05:48] A46: 1 d4 Nf6 2 Nf3 e6: Torre, London and Colle Systems} (7. Bg5 Na6 8. e3 O-O 9. Nbd2 h6 10. Bxf6 Bxf6 11. Qe2 Qb6 12. a4 b4 13. a5 Qc7 14. Rfc1 bxc3 15. bxc3 Rfc8 16. Ne1 Bxg2 17. Kxg2 {1-0 (55) Georgiev,K (2623)-Fedorchuk,S (2648) Riadh 2017}) 7... a6 {[%emt 0:09:12]} 8. Nc2 {[%emt 0:00:06]} O-O {[%emt 0:01:01]} 9. a4 {[%emt 0:00:31]} d6 $146 {[%emt 0:02:27]} ({Predecessor:} 9... bxa4 10. Rxa4 d5 11. dxc5 Ne4 12. Be3 Nd7 13. Ra2 Ndxc5 14. Ne5 Qc7 {½-½ (46) Mezentsev,I (2220)-Virovlansky,S (2425) Golden Sands 2015}) 10. axb5 {[%emt 0:15:30]} axb5 {[%emt 0:00:09]} 11. Rxa8 {[%emt 0:00:03]} Bxa8 {[%emt 0:00:06]} 12. Na3 {[%emt 0:00:02]} (12. dxc5 $11 dxc5 13. Qxd8 Rxd8 14. Ne5) 12... b4 {[%emt 0:06:19]} 13. cxb4 {[%emt 0:18:21]} cxb4 {[%emt 0:01:13]} 14. Nc2 {[%emt 0:00:02]} Bxf3 {[%emt 0:04:13]} (14... Qb6 $15) 15. Bxf3 {[%emt 0:00:19]} d5 {[%emt 0:00:11]} 16. Qd3 {[%emt 0:12:49]} Qb6 {[%emt 0:06:54]} 17. Be3 {[%emt 0:00:08]} Rc8 {[%emt 0:19:45]} 18. Ra1 {[%emt 0:00:09]} Nc6 {[%emt 0:02:42]} 19. Qa6 {[%emt 0:03:02]} Qxa6 {[%emt 0:01:56]} 20. Rxa6 {[%emt 0:00:02]} Nb8 {[%emt 0:01:57]} 21. Ra8 {[%emt 0:00:07]} Nfd7 {[%emt 0:01:02]} 22. Ne1 {[%emt 0:01:32]} Nb6 {[%emt 0:02:45]} 23. Ra7 {[%emt 0:00:03]} Nc6 {[%emt 0:02:21]} 24. Rb7 {[%emt 0:00:53]} Nc4 {[%emt 0:10:50]} 25. Nd3 {[%emt 0:00:03]} Kf8 {[%emt 0:01:30]} 26. Bh5 {[%emt 0:09:01]} g6 {[%emt 0:04:35]} 27. Bg4 {[%emt 0:01:53]} Ra8 {[%emt 0:02:49]} 28. Bh6+ {[%emt 0:07:32]} Ke8 {[%emt 0:00:15]} 29. e3 {[%emt 0:00:21]} N6a5 $11 {[%emt 0:10:12]} (29... Ra2 $15) 30. Rb5 {[%emt 0:05:48]} Nd6 {[%emt 0:03:00]} 31. Rxb4 {[%emt 0:03:19]} Nf5 {[%emt 0:00:12]} 32. Ra4 {[%emt 0:00:13]} Nxh6 {[%emt 0:00:06]} 33. Be2 {[%emt 0:00:01]} Ra7 {[%emt 0:01:39]} 34. Ne5 {[%emt 0:00:30]} f6 {[%emt 0:01:01]} 35. Bb5+ {[%emt 0:00:18]} Kd8 {[%emt 0:00:32]} 36. Rxa5 {[%emt 0:01:51]} Rxa5 {[%emt 0:02:04]} 37. Nc6+ {[%emt 0:00:01]} Kc7 {[%emt 0:00:46]} 38. Nxa5 {[%emt 0:00:03]} Kb6 {[%emt 0:00:53]} 39. Nc6 {[%emt 0:00:02]} Kxb5 {[%emt 0:01:20]} 40. Nxe7 {[%emt 0:00:02]} Kb4 {[%emt 0:00:08]} 41. Nc6+ {[%emt 0:39:46]} Kb3 {[%emt 0:30:30]} 42. Nd8 {[%emt 0:01:45]} e5 {[%emt 0:00:52]} 43. Ne6 {[%emt 0:06:48]} Kxb2 {[%emt 0:00:00]} 44. Nc7 {[%emt 0:00:00]} exd4 {[%emt 0:00:00]} 45. exd4 {[%emt 0:00:00]} Nf5 {[%emt 0:00:00]} 46. Nxd5 {[%emt 0:00:00]} Nxd4 {[%emt 0:00:00]} 47. Nxf6 {[%emt 0:00:00]} h5 {[%emt 0:00:00]} 48. h4 {[%emt 0:00:00]} Nf5 {[%emt 0:00:00]} 49. Kg2 {[%emt 0:00:00]} Kc3 {[%emt 0:00:00]} 50. Kf3 {[%emt 0:00:00]} Kd4 {[%emt 0:00:00]} 51. Kf4 {[%emt 0:00:00]} Ne7 {[%emt 0:00:00]} 52. Nd7 {[%emt 0:00:00]} Kd5 {[%emt 0:00:00]} 53. Nf8 {[%emt 0:00:00]} Kd6 {[%emt 0:00:00]} 54. Kg5 {[%emt 0:00:00]} Kd5 1-0

[Event "Sparkassen Open 2018"]
[Site "Heusenstamm"]
[Date "2018.11.25"]
[Round "6"]
[White "Fruebing, Stefan"]
[Black "Kersten, Uwe"]
[Result "1/2-1/2"]
[WhiteElo "2406"]
[BlackElo "2233"]
[Annotator "NA"]
[PlyCount "28"]
[EventDate "2018.11.22"]
[EventType "swiss"]
[EventCountry "GER"]
[SourceTitle "playchess.com"]
[Source "ChessBase"]
[SourceQuality "1"]
[TimeControl "40/5400+30:1800+30"]

{[%evp 8,20,12,23,42,27,25,14,14,8,13,3,17,30,14]} 1. e4 {[%emt 0:00:00]} c5 {[%emt 0:15:59]} 2. Nf3 {[%emt 0:00:00]} d6 {[%emt 0:00:25]} 3. Bb5+ {[%emt 0:00:00]} Nd7 {[%emt 0:06:10]} 4. O-O {[%emt 0:00:13]} Ngf6 {[%emt 0:00:34]} 5. Re1 {[%emt 0:00:10]} a6 {[%emt 0:01:24]} 6. Bd3 {[%emt 0:00:16]} Qc7 {[%emt 0:06:51] LiveBook: 13 Games} 7. a4 {[%emt 0:09:31]} b6 {[%emt 0:01:56]} 8. b3 {[%emt 0:11:02]} Bb7 {[%emt 0:06:30]} 9. Bb2 {[%emt 0:00:31]} e5 {[%emt 0:01:57]} 10. Nc3 {[%emt 0:05:32]} g6 $11 {[%emt 0:03:52]} 11. Bc4 {[%emt 0:04:07]} Bg7 {[%emt 0:00:22]} 12. Nd5 {[%emt 0:11:12]} Nxd5 {[%emt 0:01:56]} 13. Bxd5 {[%emt 0:00:16]} Bxd5 {[%emt 0:04:04]} 14. exd5 {[%emt 0:00:01]} O-O 1/2-1/2

[Event "Sparkassen Open 2018"]
[Site "Heusenstamm"]
[Date "2018.11.25"]
[Round "6"]
[White "Baskin, Robert"]
[Black "Sadzikowski, Daniel"]
[Result "1/2-1/2"]
[WhiteElo "2354"]
[BlackElo "2544"]
[Annotator "TA"]
[PlyCount "39"]
[EventDate "2018.11.22"]
[EventType "swiss"]
[EventCountry "GER"]
[SourceTitle "playchess.com"]
[Source "ChessBase"]
[SourceQuality "1"]

{[%evp 24,39,32,37,29,-7,-3,-10,-10,-2,-11,-29,46,36,50,36,36,36]} 1. c4 g6 2. Nf3 Bg7 3. d4 Nf6 4. Nc3 O-O 5. e4 d6 6. Be2 e5 7. O-O Nc6 8. Be3 Ng4 9. Bg5 {[%cal Be3g5,Bg5h4,Bh4g3][%mdl 32]} f6 10. Bh4 g5 11. Bg3 f5 {E97: King's Indian: Classical Main Line (6...e5 7 0-0 Nc6): 8 Be3 and 8 d5 Ne7, not 9 Ne1} (11... Nh6 12. dxe5 fxe5 13. h3 g4 14. hxg4 Bxg4 15. Ne1 Be6 16. Nc2 Kh8 17. Nd5 Qd7 18. Qd3 Ne7 19. Rad1 Ng6 20. Qd2 Rad8 21. Bh5 {½-½ (37) Ghaem Maghami,E (2596)-Grischuk,A (2774) Berlin 2015}) 12. exf5 exd4 13. Nb5 {LiveBook: 3 Games} Nh6 14. f6 $146 ({Predecessor:} 14. Nfxd4 Nxf5 15. Nxf5 Bxf5 16. Qd2 h6 17. h3 a6 18. Nc3 Qf6 19. Rad1 {½-½ (50) Babic,D (2463)-Kazoks,A (2343) ICCF email 2016}) 14... Bxf6 15. Nfxd4 Nxd4 16. Nxd4 Qe7 {Threatens to win with ...Bxd4.} 17. c5 Qg7 (17... dxc5 $11 18. Re1 Qg7) 18. Nb5 {White is slightly better.} a6 $1 {[%cal Ra6b5]} 19. Nc3 dxc5 20. Qd5+ 1/2-1/2

[Event "Sparkassen Open 2018"]
[Site "Heusenstamm"]
[Date "2018.11.25"]
[Round "6"]
[White "Hacker, Jonas"]
[Black "Boos, Markus"]
[Result "1-0"]
[WhiteElo "2350"]
[BlackElo "2166"]
[Annotator "NA"]
[PlyCount "109"]
[EventDate "2018.11.22"]
[EventType "swiss"]
[EventCountry "GER"]
[SourceTitle "playchess.com"]
[Source "ChessBase"]
[SourceQuality "1"]
[TimeControl "40/5400+30:1800+30"]

1. e4 {[%emt 0:00:00]} c5 {[%emt 0:00:00]} 2. Nf3 {[%emt 0:00:00]} Nc6 {[%emt 0:00:00]} 3. d4 {[%emt 0:00:00]} cxd4 {[%emt 0:00:00]} 4. Nxd4 {[%emt 0:00:00]} Nf6 {[%emt 0:00:00]} 5. Nc3 {[%emt 0:00:01]} e5 {[%emt 0:00:00]} 6. Ndb5 {[%emt 0:00:05]} d6 {[%emt 0:00:00]} 7. Bg5 {[%emt 0:00:07]} a6 {[%emt 0:00:16]} 8. Na3 {[%emt 0:00:03]} b5 {[%emt 0:00:10]} 9. Bxf6 {[%emt 0:00:13]} gxf6 {[%emt 0:00:02]} 10. Nd5 {[%emt 0:00:17]} Bg7 {[%emt 0:00:20]} 11. Bd3 {[%emt 0:00:27]} Ne7 {[%emt 0:01:09]} 12. Nxe7 {[%emt 0:01:21]} Qxe7 {[%emt 0:00:05]} 13. c4 {[%emt 0:01:04]} f5 {[%emt 0:04:05]} 14. O-O {[%emt 0:02:13]} ({Much weaker is} 14. cxb5 d5 $15) 14... O-O {[%emt 0:06:29]} 15. Qh5 {[%emt 0:01:21]} Rb8 {[%emt 0:10:54]} 16. exf5 {[%emt 0:11:46]} e4 {[%emt 0:01:44]} 17. Rae1 {[%emt 0:00:38]} Bb7 {[%emt 0:05:17]} 18. Qg4 {[%emt 0:12:24]} bxc4 {[%emt 0:06:14] LiveBook: 3 Games B33: Sicilian: Pelikan and Sveshnikov Variations} (18... Rfe8 19. cxb5 d5 20. bxa6 Bc6 21. b3 Kh8 22. Nc2 Bc3 23. Qh3 Qf6 24. Be2 d4 25. Bc4 Rg8 26. g3 Rbe8 27. Rd1 e3 28. fxe3 dxe3 29. Be2 Re4 30. Qg2 Re7 31. Qh3 Re4 32. Qg2 Re7 33. Qh3 {½-½ (33) Shirov,A (2723)-Carlsen,M (2810) Wijk aan Zee 2010}) 19. Bxe4 {[%emt 0:03:47]} Bxe4 {[%emt 0:01:38]} (19... h5 $142 20. f6 Qxf6 21. Qxh5 Bxe4 $14 22. Rxe4 Rxb2) 20. Rxe4 {[%emt 0:03:03]} Qf6 {[%emt 0:00:10]} 21. Rxc4 {[%emt 0:11:00]} Rxb2 {[%emt 0:01:17]} 22. Rc6 {[%emt 0:04:41]} Qd4 $146 {[%emt 0:05:32]} ({Predecessor:} 22... Rxa2 23. Rxa6 Kh8 24. Qc4 Qb2 25. Nb1 Rxa6 26. Qxa6 {½-½ (56) Mekhitarian,K (2421)-Zambrana,O (2425) Santos 2006}) 23. Qg3 {[%emt 0:04:02]} Qe5 {[%emt 0:03:27]} 24. Rxd6 {[%emt 0:11:10]} Qxg3 {[%emt 0:01:07]} 25. hxg3 {[%emt 0:00:20]} Rc8 {[%emt 0:08:36]} 26. Rfd1 {[%emt 0:03:51]} Bc3 {[%emt 0:07:28]} 27. Rc1 {[%emt 0:05:50]} Rc7 {[%emt 0:01:08]} 28. Rxa6 {[%emt 0:07:03]} Rxa2 {[%emt 0:01:42]} 29. Nb5 {[%emt 0:00:36]} Rxa6 {[%emt 0:00:53]} 30. Nxc7 {[%emt 0:00:12]} Ra3 {[%emt 0:04:59]} 31. Nb5 {[%emt 0:04:06]} Ra1 {[%emt 0:00:07]} 32. Rxa1 {[%emt 0:00:05]} Bxa1 {[%emt 0:00:05]} 33. Nd6 {[%emt 0:00:12]} Kg7 {[%emt 0:07:06]} 34. Ne4 {[%emt 0:00:10]} Bd4 {[%emt 0:00:16]} (34... Be5 $142 35. g4 h6) 35. g4 $18 {[%emt 0:00:25]} Be5 {[%emt 0:02:30]} 36. f3 {[%emt 0:00:18]} Bd4+ {[%emt 0:02:35]} 37. Kf1 {[%emt 0:00:09]} Be5 {[%emt 0:04:12]} 38. Ke2 {[%emt 0:00:09]} Bd4 {[%emt 0:00:06]} 39. Kd3 {[%emt 0:00:04]} Be5 {[%emt 0:00:15]} 40. Kc4 {[%emt 0:00:06]} Bb2 {[%emt 0:00:07]} 41. Kd5 {[%emt 0:30:10]} Ba3 {[%emt 0:30:30]} 42. Kc6 {[%emt 0:00:44]} Bb4 {[%emt 0:02:27]} 43. Kd7 {[%emt 0:00:06]} Ba3 {[%emt 0:00:09]} 44. Ke8 {[%emt 0:00:17]} h6 {[%emt 0:00:08]} 45. Ng3 {[%emt 0:01:00]} Bb2 {[%emt 0:02:27]} 46. Nh5+ {[%emt 0:01:12]} Kg8 {[%emt 0:00:01]} 47. Kd7 {[%emt 0:04:57]} Bd4 {[%emt 0:00:33]} 48. Kd6 {[%emt 0:00:21]} Kf8 {[%emt 0:03:05]} 49. Kd5 {[%emt 0:00:36]} Bc3 {[%emt 0:00:06]} 50. f6 {[%emt 0:00:40]} Ke8 {[%emt 0:00:51]} 51. Ke4 {[%emt 0:00:57]} Kd7 {[%emt 0:00:27]} 52. Kf5 {[%emt 0:00:01]} Kd6 {[%emt 0:01:39]} 53. Ng3 {[%emt 0:00:10]} Be5 {[%emt 0:00:38]} 54. Ne4+ {[%emt 0:00:20]} Kd5 {[%emt 0:00:02]} 55. g5 {[%emt 0:00:52]} 1-0

[Event "Sparkassen Open 2018"]
[Site "Heusenstamm"]
[Date "2018.11.25"]
[Round "6"]
[White "Paszewski, Mateusz"]
[Black "Milov, Leonid"]
[Result "1/2-1/2"]
[WhiteElo "2346"]
[BlackElo "2481"]
[Annotator "TA"]
[PlyCount "115"]
[EventDate "2018.11.22"]
[EventType "swiss"]
[EventCountry "GER"]
[SourceTitle "playchess.com"]
[Source "ChessBase"]
[SourceQuality "1"]

{[%evp 21,115,25,25,1,61,10,66,50,53,50,162,152,199,122,162,123,130,126,147,163,260,250,252,254,227,145,146,145,136,106,189,117,104,82,139,144,138,108,115,108,115,68,152,152,114,105,130,27,93,89,124,0,74,0,0,0,170,170,170,170,170,170,170,170,297,311,309,0,0,0,0,0,0,0,0,0,0,0,0,0,0,0,0,0,0,0,0,0,0,0,0,0,0,0,0,0]} 1. e4 c5 2. Nf3 e6 3. d4 cxd4 4. Nxd4 Nc6 5. Nc3 Qc7 6. Be3 a6 7. Qf3 {B48: Sicilian: Taimanov: 5 Nc3 Qc7 6 Be3 a6 without Be2} Nf6 8. O-O-O Rb8 9. Be2 Bb4 10. Nxc6 bxc6 11. Bd4 Bd6 {LiveBook: 4 Games} 12. Bc4 $146 ({Predecessor:} 12. Qd3 c5 13. Be3 Be5 14. Qc4 Qb6 {1-0 (74) Sethuraman,S (2619)-Fier,A (2562) Fufeng 2017}) 12... Rb4 ({Black should play} 12... Bf4+ $11 13. Kb1 e5) 13. Qe2 (13. Bxf6 $14 gxf6 14. Bb3) 13... Be5 (13... Be7 $11) 14. Bxe5 Qxe5 15. g3 g5 (15... O-O $14) 16. a3 $18 ({But not} 16. Bxa6 $6 Bxa6 17. Qxa6 O-O $14) 16... Rb8 17. Rhe1 (17. Rhf1 $18) 17... O-O 18. Bxa6 Bxa6 19. Qxa6 g4 20. Qd3 d5 (20... Qg5+ $142 21. Qe3 Qe5) 21. exd5 Qg5+ 22. Qe3 Qxe3+ 23. Rxe3 cxd5 24. Rd4 Kg7 25. a4 Rfe8 (25... Rfc8 $16) 26. Re5 ({White should try} 26. a5 $18) 26... Rec8 $16 27. Re2 Rc5 (27... h5 $142) 28. Nb5 Ne4 29. b3 f5 30. Kb2 Kf6 31. c3 Rc6 (31... e5 $14 32. Rd3 Ke6) 32. b4 h5 33. Rd3 h4 34. Nd4 ({Better is} 34. gxh4 $16 {And now h3 would win.} Rc4 35. Kb3) 34... Rc4 {[#]} (34... hxg3 $11 35. hxg3 (35. Nxc6 gxf2 36. Rxf2 Nxf2 $11) 35... Rc4) 35. Nb3 $1 ({Not} 35. gxh4 Nc5 $17) 35... Rc7 36. Rde3 (36. gxh4 $16 Rbc8 37. Nd4) 36... h3 (36... e5 $11) 37. a5 (37. Nd2 $16) 37... e5 $11 38. Nd2 {[%cal Rd2e4]} Nxd2 $2 (38... d4 $1 $11 {and Black has nothing to worry.} 39. cxd4 (39. Nxe4+ fxe4 40. cxd4 exd4 $14) 39... exd4 40. Nxe4+ fxe4 41. Rxe4 {[%mdl 64] Double Attack} Rxb4+ 42. Ka3 Rb5) 39. Rxd2 {[%mdl 4096] Endgame KRR-KRR} d4 40. cxd4 Rxb4+ 41. Rb3 Rxd4 42. Rb6+ Kg5 (42... Ke7 $142 43. Rc2 Kd7) 43. Rxd4 $18 exd4 {[#] KR-KR} 44. Rd6 $2 ({White must play} 44. a6 $1 $18) 44... Rc5 $11 {aiming for ...Rb5+.The position is equal.} 45. a6 Ra5 46. Kb3 f4 47. Kb4 fxg3 48. fxg3 Ra2 49. Rd5+ Kf6 50. Rxd4 Rxa6 {Strongly threatening ...Ra2.} 51. Rxg4 Ra2 52. Rh4 Rxh2 53. Kb3 Kg5 54. Ka3 Rh1 55. Kb2 h2 56. Ka2 $1 Kg6 57. Kb2 Kg5 58. Ka2 $1 {Accuracy: White = 61%, Black = 39%.} 1/2-1/2

[Event "Sparkassen Open 2018"]
[Site "Heusenstamm"]
[Date "2018.11.25"]
[Round "6"]
[White "Muckle, Julius"]
[Black "Zuyev, Igor"]
[Result "0-1"]
[WhiteElo "2344"]
[BlackElo "2435"]
[Annotator "TA"]
[PlyCount "132"]
[EventDate "2018.11.22"]
[EventType "swiss"]
[EventCountry "GER"]
[SourceTitle "playchess.com"]
[Source "ChessBase"]
[SourceQuality "1"]

{[%evp 18,132,14,11,24,36,41,16,20,20,14,-20,-16,-28,-30,-37,-14,-45,-47,-41,-13,-33,-35,-92,-79,-119,-127,-168,-167,-161,-159,-149,-122,-138,-121,-199,-122,-122,-121,-115,-114,-113,-112,-195,-121,-154,-145,-165,-132,-165,-169,-153,-153,-229,-241,-245,-245,-230,-242,-225,-220,-397,-382,-386,-402,-750,-776,-722,-681,-579,-559,-860,-539,-812,-675,-592,-572,-746,-721,-881,-858,-800,-770,-1466,-1280,-1424,-1337,-1631,-1703,-1554,-1608,-1602,-1239,-29974,-29975,-29975,-29976,-29976,-29975,-29959,-10474,-29975,-29968,-29984,-29985,-29986,-29987,-29990,-29985,-29986,-29987,-29987,-29988,-29988,-29989,-29989,-29990]} 1. d4 Nf6 2. c4 e6 3. Nc3 Bb4 4. e3 b6 5. Bd3 Bb7 6. Nf3 O-O 7. O-O c5 8. Na4 cxd4 9. exd4 Re8 10. Bg5 {LiveBook: 25 Games. E43: Nimzo-Indian: Rubinstein: 4...b6} (10. a3 {looks sharper.} Bf8 11. b4 Bxf3 12. Qxf3 Nc6 13. Bb2) 10... Bxf3 $146 ({Predecessor:} 10... Be7 11. Rc1 h6 12. Bf4 d6 13. Re1 Nbd7 14. a3 Nh5 15. Be3 Bf8 16. b4 Nhf6 17. Nc3 Rc8 {1-0 (53) Maletin,P (2598)-Sjugirov,S (2641) Khanty-Mansiysk 2013}) 11. Qxf3 Nc6 12. Bxf6 {White is slightly better.} Qxf6 13. Qxf6 gxf6 14. Be4 (14. Rfd1 {with more complications.} f5 15. Be2 Bf8 16. Nc3 Bg7 17. Nb5) 14... f5 15. Bxc6 dxc6 16. Rfd1 Rad8 17. Rd3 e5 $36 {[%mdl 2048] Black is more active.} 18. a3 Bd6 19. dxe5 Bxe5 20. Rf3 ({White should play} 20. Rdd1 $15) 20... Rd4 $17 21. Rxf5 Rxc4 22. Nc3 Bxc3 23. bxc3 Rxc3 $19 {[%mdl 4096] Endgame KRR-KRR} 24. g3 Rd3 25. Rc1 Re6 ({Of course not} 25... Rxa3 $6 26. Rxc6 Re7 27. h4 $11) 26. Rc4 (26. a4 $17) 26... c5 (26... Rxa3 $19 27. Rg4+ Rg6) 27. a4 $17 Kg7 28. Rg4+ Rg6 29. Rgf4 Rd7 30. a5 (30. Kf1 $17) 30... Rgd6 (30... Rc6 $19 {aiming for ...c4.} 31. axb6 axb6 32. Rg5+ Kf8) 31. axb6 axb6 32. Rg5+ Kf8 33. Ra4 h6 {[%cal Bh7h6,Bh6g5][%mdl 32]} 34. Rf5 Kg7 35. Rg4+ (35. Kf1 $17) 35... Rg6 $19 36. Rc4 Rg5 37. Rxg5+ hxg5 {KR-KR} 38. Rc1 Rd4 39. Rb1 $2 {[#]} (39. Kf1 {keeps fighting.}) 39... Rb4 40. Rc1 c4 41. h3 (41. Kf1 $142 b5 42. Ke2) 41... b5 42. Kf1 Rb2 43. Ke1 Kf6 44. Rc3 Kf5 45. Rf3+ Ke6 46. h4 f6 47. h5 b4 48. h6 Rb1+ 49. Kd2 Rh1 50. Re3+ Kd5 51. Re8 Rxh6 52. Rd8+ Kc5 53. Rc8+ Kb5 54. Rf8 Rh1 55. Rxf6 c3+ 56. Kc2 Re1 57. Rf8 Re2+ 58. Kd3 Rd2+ 59. Ke3 Rd5 {Black mates.} 60. Rc8 Rc5 61. Rxc5+ Kxc5 {K3P-KPP} 62. Kd3 Kd5 63. f3 Ke5 64. Ke3 b3 {[%cal Bb4b3,Bb3b2][%mdl 32]} 65. Kd3 b2 66. Kc2 Kd4 {Accuracy: White = 31%, Black = 85%.} 0-1

[Event "Sparkassen Open 2018"]
[Site "Heusenstamm"]
[Date "2018.11.25"]
[Round "6"]
[White "Klundt, Klaus"]
[Black "Andreev, Eduard"]
[Result "1/2-1/2"]
[WhiteElo "2313"]
[BlackElo "2425"]
[Annotator "TA"]
[PlyCount "41"]
[EventDate "2018.11.22"]
[EventType "swiss"]
[EventCountry "GER"]
[SourceTitle "playchess.com"]
[Source "ChessBase"]
[SourceQuality "1"]

{[%evp 21,41,41,36,41,31,40,41,46,47,40,46,53,72,64,66,54,65,52,56,56,50,37]} 1. e4 c5 2. Nf3 Nc6 3. d4 cxd4 4. Nxd4 g6 5. c4 Bg7 6. Be3 Nf6 7. Nc3 d6 8. Be2 O-O 9. O-O Bd7 10. h3 Nxd4 11. Bxd4 Bc6 12. Qc2 {B38: Sicilian: Maroczy Bind with 5...Bg7 and 7...0-0} (12. Bf3 a5 13. Qd2 Nd7 14. Bxg7 Kxg7 15. b3 Qb6 16. Nd5 Bxd5 17. exd5 Qb4 18. Qb2+ Kg8 19. a3 Qb6 {½-½ (29) Romanov,E (2619)-Ivanchuk,V (2713) Batumi 2018}) 12... a5 13. Rad1 Nd7 14. Bxg7 Kxg7 15. Bg4 Ne5 16. c5 {[%cal Bc4c5,Bc5d6,Bd6e7][%mdl 32]} Nxg4 17. hxg4 Qc8 {White is slightly better.} 18. cxd6 Qxg4 19. dxe7 Rfe8 $1 20. Nd5 $146 Bxd5 $1 21. Rxd5 1/2-1/2